000 01122cam a22003377a 4500
003 CHAP
005 20220817043831.0
008 020419d2000 mx a r 00110 spa d
010 _a85629
011 _a86601
020 _a9879789245
035 _a97140
040 _cCHAP
082 0 4 _a339.2
_bB5Y
100 0 0 _aBlanchard, Olivier.
_913063
245 1 0 _aMacroeconomía :
_bteoría y política económica con aplicaciones a América Latina
_c/por Oliver Blanchard y Daniel Pérez Enrri
260 _aBuenos Aires:
_bPrentice Hall,
_c2000.
300 _a726 p. :
_bgráfs.
590 _aBATCH-UPD
_b10
_c20130110
_lUCH01
_h0633
590 _aBATCH-UPD
_b10
_c20130110
_lUCH01
_h2334
590 _aBATCH-UPD
_b10
_c20130410
_lUCH01
_h0317
590 _aBATCH-UPD
_b10
_c20130914
_lUCH01
_h1737
590 _aCONVERSION
_b10
_c20130109
_lUCH01
_h1348
650 1 4 _aMacroeconomía.
_969550
650 1 4 _aPolítica económica.
700 0 0 _aPérez Enrri, Daniel.
_989632
901 _aBK
905 _aMayto Villalobos S.
942 _cLIBRO
949 _a339.2 B5Y
_bBC
_cLIBRO
_d33724000865606
_eLIBRO
_h102360
_i97140
_so
_t$225.00
999 _c85629
_d85629